00991nam a22002537a 4500003000500000005001700005008004100022010001000063011001000073035001000083040000900093082001800102110003600120245005900156260005700215300002000272500004200292505026400334650002800598650002400626650002300650650004100673700002300714CHAP20220329140652.0971013s1961 r 00010 d a55708 a56680 a60833 cCHAP a330.9726bY82 aYucatán. Gobierno del Estado. aEstudio económico de Yucatán y programa de trabajo aMérida :bEdiciones del Gobierno del Estado,c1961 a506 p.b: ilus. aEstudio dirigido por Francisco Zamora aContenido: Aspectos físicos. Aspectos humanos. Agricultura. Ganadería. Forestal. Pesca. industira. Irrigación. Electrificación. Comunicaciones. Turismo Zonas de concentración económica. Ingreso. Proyectos e ingreso fuuturo. Organismos asesores. Yu14aAgriculturaxYucatán.14aBosquesxYucatán.14aGanadoxYucatán.14aYucatánxCondiciones económicas.0 aZamora, Francisco.